V únii pribudnú konkurenti

Jednoduchšie a prehľadnejšie dane budúcich členov Európskej únie. Sadzba dane z pridanej hodnoty (DPH) v percentách jednotlivých terajších a pristupujúcich členov Európskej únie. Výhodnejšie daňové prostredie. Porovnanie daňového zaťaženia firiem v nových krajinách EÚ z pohľadu nadnárodných investo...

Descripción completa

Guardado en:
Detalles Bibliográficos
Autor principal: Polakovič, Ivan
Formato: Capítulo de libro
Lenguaje:eslovaco
Materias:
Etiquetas: Agregar Etiqueta
Sin Etiquetas, Sea el primero en etiquetar este registro!

MARC

LEADER 00000naa$a2200000$$$4500
001 0005030
005 20230926070353.1
041 0 |a slo 
044 |a SK 
245 1 0 |a V únii pribudnú konkurenti  |c aut. Ivan Polakovič 
520 |a Jednoduchšie a prehľadnejšie dane budúcich členov Európskej únie. Sadzba dane z pridanej hodnoty (DPH) v percentách jednotlivých terajších a pristupujúcich členov Európskej únie. Výhodnejšie daňové prostredie. Porovnanie daňového zaťaženia firiem v nových krajinách EÚ z pohľadu nadnárodných investorov. 
610 2 0 |a integrácia ekonomická medzinárodná 
610 2 0 |a dane 
610 2 0 |a sadzby daňové 
610 2 0 |a zaťaženie daňové 
610 2 0 |a Európska únia 
100 1 |a Polakovič, Ivan